Kāmil akmal Ḥaqqānī. (Record no. 68332)

MARC details
000 -LEADER
fixed length control field 00786cam a22002651 4500
001 - CONTROL NUMBER
control field sa 66002352
003 - CONTROL NUMBER IDENTIFIER
control field DLC
005 - DATE AND TIME OF LATEST TRANSACTION
control field 20260227112229.0
008 - FIXED-LENGTH DATA ELEMENTS--GENERAL INFORMATION
fixed length control field 890929m19641965pk 000 0 urdr
010 ## - LIBRARY OF CONGRESS CONTROL NUMBER
LC control number sa 66002352
025 ## - OVERSEAS ACQUISITION NUMBER
Overseas acquisition number PL480:P-U-1229
035 ## - SYSTEM CONTROL NUMBER
System control number (OCoLC)20413631
040 ## - CATALOGING SOURCE
Original cataloging agency DLC
Transcribing agency WaU
Modifying agency WaU
-- DLC
041 0# - LANGUAGE CODE
Language code of text/sound track or separate title urdara
042 ## - AUTHENTICATION CODE
Authentication code premarc
050 00 - LIBRARY OF CONGRESS CALL NUMBER
Classification number BP130.4
Item number .H34
100 1# - MAIN ENTRY--PERSONAL NAME
Personal name Haqqani, Peer Azizullah,
Dates associated with a name 1928-
245 10 - TITLE STATEMENT
Title Kāmil akmal Ḥaqqānī.
Statement of responsibility, etc. Taṣnīf va taʼlīf-i ʻAzīzullāh Ḥaqqānī.
250 ## - EDITION STATEMENT
Edition statement [Pahlā īḍīshun]
260 ## - PUBLICATION, DISTRIBUTION, ETC.
Place of publication, distribution, etc. Karāchī
Date of publication, distribution, etc. [1964-65]
300 ## - PHYSICAL DESCRIPTION
Extent 2 v.
Dimensions 25 cm.
505 1# - FORMATTED CONTENTS NOTE
Formatted contents note Vol. 2: Nashir: Tāj ʻĀlamgīr Dārual-Kutub.
630 00 - SUBJECT ADDED ENTRY--UNIFORM TITLE
Uniform title Qurʼan
General subdivision Commentaries.
650 #0 - SUBJECT ADDED ENTRY--TOPICAL TERM
Topical term or geographic name entry element Hadith
General subdivision Criticism, interpretation, etc.

No items available.

Powered by Koha